[Event "CN Seniori 2012"]
[Site "Sarata Monteoru/Romania"]
[Date "2012.02.14"]
[Round "2.5"]
[White "Manolache, Marius"]
[Black "Paval, George"]
[Result "1/2-1/2"]
[WhiteElo "2552"]
[BlackElo "2229"]
[PlyCount "345"]
[EventDate "2012.??.??"]
[TimeControl "40/5400+30:900+30"]

1. d4 Nf6 2. Bg5 Ne4 3. Bf4 d5 4. e3 c5 5. Bd3 cxd4 6. exd4 Nf6 7. Nc3 a6 8. h3
Nc6 9. Nf3 Nb4 10. O-O Nxd3 11. cxd3 e6 12. Qb3 Bd6 13. Be5 O-O 14. Na4 Bxe5
15. dxe5 Nd7 16. d4 b5 17. Nc5 Nxc5 18. dxc5 a5 19. a3 Rb8 20. Rfe1 Qc7 21. Qc2
b4 22. Ng5 g6 23. Nf3 bxa3 24. bxa3 Ba6 25. Qc1 Kg7 26. Nd4 Bc4 27. c6 Qe7 28.
Qe3 Rb2 29. Reb1 Rbb8 30. Qc3 Qc7 31. Qe3 Rfc8 32. Qg5 Kg8 33. h4 Bd3 34. Rd1
Ba6 35. h5 Rb2 36. Rab1 Ra2 37. Qf6 Qd8 38. Qxd8+ Rxd8 39. Rb6 Bc8 40. Nb5 Rc2
41. h6 f6 42. exf6 Kf7 43. f4 Kxf6 44. c7 Rd7 45. Nd6 Rdxc7 46. Ne8+ Kf5 47.
Nxc7 Rxc7 48. Rd4 g5 49. fxg5 Kxg5 50. Rb5 a4 51. Rb8 Kxh6 52. Rxa4 Kg6 53. Rd4
Rc5 54. Rg4+ Kf6 55. Rg8 Ba6 56. Rb6 Rc1+ 57. Kf2 Rc2+ 58. Ke1 Bd3 59. g4 Ke5
60. Re8 Re2+ 61. Kd1 Kd4 62. Rexe6 Ra2 63. Ke1 Rxa3 64. Kf2 Be4 65. Rf6 Rh3 66.
Ra6 h5 67. gxh5 Rxh5 68. Kg3 Rh1 69. Rf2 Rg1+ 70. Kf4 Rd1 71. Ra4+ Kc5 72. Ke5
Re1 73. Ra5+ Kc4 74. Ra4+ Kc5 75. Ra5+ Kc4 76. Rf4 Kc3 77. Ra3+ Kc4 78. Ra5 Kc3
79. Rc5+ Kd3 80. Ra5 Kc3 81. Ra3+ Kb4 82. Rg3 Kc4 83. Rh4 Rf1 84. Rf4 Rh1 85.
Rg5 Rh6 86. Rf1 Rh3 87. Rc1+ Kd3 88. Ra1 Kc4 89. Rag1 Rf3 90. Rc1+ Kd3 91. Rd1+
Kc4 92. Rg8 Rf5+ 93. Ke6 Rf2 94. Rc8+ Kb4 95. Ke5 Rh2 96. Kd4 Kb3 97. Rc7 Rg2
98. Ra1 Rd2+ 99. Ke5 Rc2 100. Rb1+ Ka2 101. Rcb7 Re2 102. R1b6 Ka1 103. Rg7 Rh2
104. Kd4 Rd2+ 105. Ke3 Rh2 106. Kd4 Rd2+ 107. Kc3 Rc2+ 108. Kd4 Rd2+ 109. Ke5
Rh2 110. Rg3 Rf2 111. Rc3 Rd2 112. Rb4 Ka2 113. Rc5 Ka1 114. Ra5+ Ra2 115.
Rxa2+ Kxa2 116. Kd4 Ka1 117. Kc3 Bb1 118. Rd4 Ba2 119. Kc2 Bb1+ 120. Kc1 Ba2
121. Rd1 Bb1 122. Rxd5 Ba2 123. Rb5 Bf7 124. Rb1+ Ka2 125. Rb7 Bg6 126. Rg7 Bf5
127. Rg5 Bh7 128. Rg2+ Ka1 129. Rb2 Bg8 130. Rb1+ Ka2 131. Rb8 Bf7 132. Ra8+
Kb3 133. Rf8 Bd5 134. Rf2 Be4 135. Rb2+ Ka3 136. Re2 Bg6 137. Kd2 Kb2 138. Re6
Bb1 139. Rb6+ Ka1 140. Kc3 Ba2 141. Rf6 Bb1 142. Kb3 Ba2+ 143. Ka3 Bb1 144. Rf2
Bg6 145. Ra2+ Kb1 146. Rg2 Bf7 147. Rg5 Be6 148. Rg7 Bd5 149. Re7 Bg8 150. Kb4
Ba2 151. Kc3 Ka1 152. Re1+ Bb1 153. Rg1 Ka2 154. Rg2+ Ka1 155. Kb3 Bf5 156.
Ra2+ Kb1 157. Ra6 Bc2+ 158. Kc3 Bh7 159. Ra7 Bf5 160. Rg7 Ka1 161. Ra7+ Kb1
162. Rf7 Be4 163. Rf4 Bh7 164. Rg4 Bf5 165. Rg5 Bh7 166. Kb3 Bc2+ 167. Kc3 Be4
168. Kd2 Ka1 169. Ra5+ Kb2 170. Rb5+ Ka1 171. Kc1 Ka2 172. Rg5 Bh7 173. Ra5+
1/2-1/2

[Event "CN Seniori 2012"]
[Site "Sarata Monteoru/Romania"]
[Date "2012.02.14"]
[Round "2.6"]
[White "Daianu, Cristian-Clement"]
[Black "Nevednichy, Vladislav"]
[Result "0-1"]
[WhiteElo "2242"]
[BlackElo "2546"]
[PlyCount "62"]
[EventDate "2012.??.??"]
[TimeControl "40/5400+30:900+30"]

1. e4 c5 2. Nf3 d6 3. d4 cxd4 4. Nxd4 Nf6 5. Nc3 Nc6 6. Be3 Ng4 7. Bb5 Nxe3 8.
fxe3 Bd7 9. O-O g6 10. Bxc6 bxc6 11. Qf3 f6 12. e5 dxe5 13. Nxc6 Qc8 14. Nxe5
Be6 15. Nc6 Bg4 16. Qe4 Bf5 17. Qf3 Bg4 18. Qe4 Bf5 19. Rxf5 Qxf5 20. Qa4 Bh6
21. Ne5+ Kf8 22. Ng4 Kg7 23. Rf1 Qe6 24. Rf3 Rhc8 25. Nxh6 Kxh6 26. h3 Rab8 27.
Qa3 Rd8 28. e4 Rb7 29. b3 Kg7 30. Qc1 Qe5 31. Qe1 Rc7 0-1

[Event "CN Seniori 2012"]
[Site "Sarata Monteoru/Romania"]
[Date "2012.02.14"]
[Round "2.8"]
[White "Baciu, Stefan"]
[Black "Jianu, Vlad-Cristian"]
[Result "1-0"]
[WhiteElo "2222"]
[BlackElo "2508"]
[PlyCount "67"]
[EventDate "2012.??.??"]
[TimeControl "40/5400+30:900+30"]

1. d4 Nf6 2. c4 g6 3. Nc3 d5 4. Nf3 Bg7 5. e3 O-O 6. Qb3 e6 7. Bd2 Nc6 8. cxd5
exd5 9. Be2 Rb8 10. O-O Be6 11. Rfd1 Ne4 12. Be1 f5 13. Rac1 Kh8 14. Na4 f4 15.
Nc5 Nxc5 16. Rxc5 Bg8 17. Rdc1 Qe7 18. Bb5 fxe3 19. Qxe3 Qe4 20. Bxc6 bxc6 21.
b3 Rbe8 22. Qxe4 dxe4 23. Ne5 Bd5 24. Nxc6 Bxc6 25. Rxc6 e3 26. f3 e2 27. d5
Bd4+ 28. Kh1 Rf5 29. Re6 Rxe6 30. dxe6 c5 31. Rc4 Kg7 32. b4 Kf6 33. bxc5 Rxc5
34. e7 1-0

[Event "CN Seniori 2012"]
[Site "Sarata Monteoru/Romania"]
[Date "2012.02.14"]
[Round "2.9"]
[White "Filip, Lucian"]
[Black "Stegariu, Vlad-Ionut"]
[Result "1/2-1/2"]
[WhiteElo "2490"]
[BlackElo "2202"]
[PlyCount "62"]
[EventDate "2012.??.??"]
[TimeControl "40/5400+30:900+30"]

1. Nf3 c5 2. c4 Nc6 3. d4 cxd4 4. Nxd4 e5 5. Nb5 a6 6. Nd6+ Bxd6 7. Qxd6 Qf6 8.
Qd2 Nge7 9. e3 O-O 10. Nc3 Qg6 11. f3 d6 12. Bd3 f5 13. O-O Be6 14. b3 Rfd8 15.
e4 Nd4 16. Bb2 Nec6 17. Nd5 Kh8 18. Nc7 Rac8 19. Nxe6 Qxe6 20. Bxd4 Nxd4 21.
exf5 Nxf5 22. Qe2 Rf8 23. f4 Rce8 24. Qe4 Qc8 25. Rae1 g6 26. Qd5 exf4 27. Bxf5
Rxf5 28. Qxd6 Rd8 29. Qe7 Rd7 30. Qe6 Qc5+ 31. Kh1 Rdf7 1/2-1/2

[Event "CN Seniori 2012"]
[Site "Sarata Monteoru/Romania"]
[Date "2012.02.14"]
[Round "2.10"]
[White "Prodileanu, Adrian"]
[Black "Berescu, Alin-Mile"]
[Result "1-0"]
[WhiteElo "2204"]
[BlackElo "2488"]
[PlyCount "97"]
[EventDate "2012.??.??"]
[TimeControl "40/5400+30:900+30"]

1. c4 e5 2. g3 Nf6 3. Bg2 Bc5 4. Nc3 O-O 5. d3 d6 6. Nf3 h6 7. O-O Nc6 8. a3 a6
9. b4 Ba7 10. Bb2 Be6 11. Rc1 Qd7 12. e3 Ne7 13. Re1 Ng6 14. d4 exd4 15. Nxd4
Bg4 16. Bf3 Ne5 17. Bxg4 Nfxg4 18. Nd5 c6 19. Nf4 Rad8 20. h3 Nf6 21. Kg2 Rfe8
22. Qc2 d5 23. cxd5 Nxd5 24. Nxd5 Qxd5+ 25. e4 Qa2 26. Red1 Nc4 27. Qxc4 Qxb2
28. Nc2 b5 29. Qe2 c5 30. Rxd8 Rxd8 31. Rd1 Rc8 32. Rd2 Qc3 33. Rd7 cxb4 34.
Nxb4 Qxa3 35. Nd5 Bc5 36. Qg4 Rf8 37. Nf6+ Kh8 38. Nh5 g6 39. Qf4 gxh5 40.
Qxh6+ Kg8 41. Qg5+ Kh7 42. Qxh5+ Kg7 43. Qg4+ Kh8 44. Rd5 f5 45. Qh5+ Kg7 46.
Qg5+ Kf7 47. Qxf5+ Kg7 48. Qg5+ Kf7 49. Rxc5 1-0

[Event "CN Seniori 2012"]
[Site "Sarata Monteoru/Romania"]
[Date "2012.02.14"]
[Round "2.11"]
[White "Dumitrache, Dragos-Nicolae"]
[Black "Horvat, Dan-Sebastian"]
[Result "1-0"]
[WhiteElo "2460"]
[BlackElo "2197"]
[PlyCount "77"]
[EventDate "2012.??.??"]
[TimeControl "40/5400+30:900+30"]

1. d4 d5 2. c4 c6 3. Nf3 Nf6 4. e3 a6 5. Bd3 Bg4 6. Nbd2 Nbd7 7. Qc2 e6 8. b3
Bd6 9. Bb2 Qb8 10. O-O O-O 11. h3 Bh5 12. Ng5 Bg6 13. Bxg6 hxg6 14. Rad1 a5 15.
e4 e5 16. cxd5 cxd5 17. exd5 exd4 18. Nde4 Bh2+ 19. Kh1 Be5 20. Bxd4 Rc8 21.
Qd3 Bxd4 22. Qxd4 Rc2 23. d6 Qa7 24. Nxf6+ gxf6 25. Qe4 Rxf2 26. Nxf7 Kxf7 27.
Qe7+ Kg8 28. Qe6+ Kf8 29. Qe7+ Kg8 30. Qxd7 Rxf1+ 31. Rxf1 Qd4 32. Qe6+ Kg7 33.
Qe7+ Kh6 34. d7 f5 35. Qe8 Qh8 36. Re1 Qc3 37. Rd1 Qc2 38. Qe3+ f4 39. Qxf4+
1-0

[Event "CN Seniori 2012"]
[Site "Sarata Monteoru/Romania"]
[Date "2012.02.14"]
[Round "2.12"]
[White "Senetia, Teodor"]
[Black "Cioara, Andrei-Nestor"]
[Result "0-1"]
[WhiteElo "2198"]
[BlackElo "2456"]
[PlyCount "60"]
[EventDate "2012.??.??"]
[TimeControl "40/5400+30:900+30"]

1. e4 e6 2. d4 d5 3. Nc3 Bb4 4. exd5 exd5 5. Bd3 Nc6 6. a3 Bxc3+ 7. bxc3 Nf6 8.
Nf3 O-O 9. O-O Bg4 10. h3 Bh5 11. g4 Bg6 12. c4 dxc4 13. Bxc4 Re8 14. Bb5 Qd6
15. Ne5 Nxd4 16. Bxe8 Qxe5 17. f4 Ne2+ 18. Kh2 Qxa1 19. Ba4 Nc3 20. Qd4 c5 21.
Qe5 b5 22. Bxb5 Qb1 23. Qxc3 Qxb5 24. Re1 Ne4 25. Qd3 c4 26. Qd4 f5 27. gxf5
Qxf5 28. Qxc4+ Kh8 29. Qc6 Rc8 30. Rxe4 Rxc6 0-1

[Event "CN Seniori 2012"]
[Site "Sarata Monteoru/Romania"]
[Date "2012.02.14"]
[Round "2.13"]
[White "Danilov, Vladimir"]
[Black "Varlan, Hervig-Ioan"]
[Result "0-1"]
[WhiteElo "2440"]
[BlackElo "2184"]
[PlyCount "176"]
[EventDate "2012.??.??"]
[TimeControl "40/5400+30:900+30"]

1. d4 Nf6 2. c4 e6 3. Nc3 Bb4 4. Bg5 c5 5. d5 h6 6. Bh4 d6 7. e3 Qe7 8. Bd3
Bxc3+ 9. bxc3 e5 10. Bc2 Nbd7 11. Nf3 g5 12. Bg3 Nh5 13. Nd2 Ndf6 14. a4 Bd7
15. a5 O-O-O 16. Qb1 Kb8 17. Ra2 Ka8 18. Rb2 Rb8 19. Qa2 Ne8 20. O-O Nc7 21.
Bd1 Ng7 22. e4 h5 23. f3 h4 24. Bf2 Nh5 25. Ba4 Nf4 26. Rfb1 Ne2+ 27. Kh1 Nxc3
28. Qa3 Nxb1 29. Nxb1 g4 30. fxg4 Bxg4 31. h3 Bd7 32. Nc3 Bxa4 33. Qxa4 Na6 34.
Nd1 Nb4 35. Qa3 Qg5 36. Ne3 Rhg8 37. Bg1 Rg6 38. Nf5 Qc1 39. Nxh4 Rf6 40. a6
bxa6 41. Nf5 Qxc4 42. Qe3 Rg8 43. Ne7 Re8 44. Nc6 Nxc6 45. dxc6 Rc8 46. Qg5 Qe6
47. c7 Rxc7 48. Qd2 Rc6 49. Qa5 Qc8 50. Be3 Qc7 51. Qe1 Rb6 52. Ra2 Rg6 53. Qf1
Qb7 54. Qf5 Rb4 55. Rd2 Qxe4 56. Qxf7 Rb8 57. Bg1 Rbg8 58. Qa2 Rh8 59. Qa3 a5
60. Ra2 a4 61. Kh2 Rb8 62. Rf2 Rb3 63. Qa2 Kb7 64. Rf7+ Kb6 65. Qd2 Rbg3 66.
Qb2+ Rb3 67. Qd2 a3 68. Bxc5+ dxc5 69. Qd8+ Kb5 70. Qe8+ Qc6 71. Rb7+ Kc4 72.
Qf7+ Re6 73. Qf1+ Rd3 74. Rxa7 Kd4 75. Qf2+ Kd5 76. Qf5 c4 77. Ra5+ Kd4 78.
Qf2+ Ke4 79. Qe2+ Re3 80. Qc2+ Kd4 81. Qd2+ Rd3 82. Qf2+ Kc3 83. Rxa3+ Kb4 84.
Ra1 Rb3 85. Qa7 Qb6 86. Qa4+ Kc5 87. Qa8 e4 88. Rd1 Qb8+ 0-1

[Event "CN Seniori 2012"]
[Site "Sarata Monteoru/Romania"]
[Date "2012.02.14"]
[Round "2.15"]
[White "Bida, Mihai-Eugen"]
[Black "Georgescu, Tiberiu-Marian"]
[Result "1/2-1/2"]
[WhiteElo "2183"]
[BlackElo "2415"]
[PlyCount "78"]
[EventDate "2012.??.??"]
[TimeControl "40/5400+30:900+30"]

1. e4 c6 2. d4 d5 3. e5 Bf5 4. Nf3 e6 5. Be2 c5 6. Be3 cxd4 7. Nxd4 Ne7 8. Bg5
Qa5+ 9. Nc3 Nbc6 10. Bb5 Qc7 11. O-O Bg6 12. Qg4 a6 13. Ba4 Nc8 14. Rad1 Be7
15. h4 Bxg5 16. Qxg5 O-O 17. h5 Nxd4 18. hxg6 h6 19. Qg4 Nc6 20. Bxc6 bxc6 21.
gxf7+ Qxf7 22. Ne2 Ne7 23. Nd4 Nf5 24. Nxc6 Rac8 25. Nd4 Nxd4 26. Qxd4 Rxc2 27.
Rc1 Rfc8 28. Rxc2 Rxc2 29. a3 Qf5 30. Re1 a5 31. b4 axb4 32. axb4 Rc4 33. Qb6
d4 34. b5 d3 35. Qd8+ Kh7 36. b6 Rc2 37. Rf1 Rb2 38. Qd4 Rb5 39. Rd1 Rb3
1/2-1/2

[Event "CN Seniori 2012"]
[Site "Sarata Monteoru/Romania"]
[Date "2012.02.14"]
[Round "2.16"]
[White "Anton, Teodor"]
[Black "Tomici, Stefan"]
[Result "1/2-1/2"]
[WhiteElo "2393"]
[BlackElo "2147"]
[PlyCount "82"]
[EventDate "2012.??.??"]
[TimeControl "40/5400+30:900+30"]

1. e4 e5 2. Bc4 Nc6 3. Nf3 Bc5 4. d3 Nf6 5. O-O O-O 6. c3 a6 7. Bb3 Ba7 8. Nbd2
h6 9. Re1 d6 10. Nf1 Nh5 11. d4 Nf4 12. Bxf4 exf4 13. Qd2 g5 14. e5 d5 15. Bc2
Ne7 16. h3 Be6 17. N1h2 Qd7 18. Ng4 Bxg4 19. hxg4 Qe6 20. Qd3 Ng6 21. Qf5 Kg7
22. g3 Rh8 23. Kg2 Ne7 24. Qf6+ Qxf6 25. exf6+ Kxf6 26. gxf4 gxf4 27. Ne5 Nc6
28. Nxc6 bxc6 29. b4 a5 30. a3 Bb6 31. Ba4 Rag8 32. Bxc6 h5 33. Kf3 hxg4+ 34.
Kxf4 Rh2 35. Bxd5 Rxf2+ 36. Kg3 Rc2 37. Re3 c6 38. Rf1+ Kg5 39. Re5+ Kh6 40.
Rf6+ Rg6 41. Be4 Rxc3+ 1/2-1/2

[Event "CN Seniori 2012"]
[Site "?"]
[Date "2012.02.14"]
[Round "2.17"]
[White "Malureanu, Costin-George"]
[Black "Petrisor, Adrian-Marian"]
[Result "1/2-1/2"]
[WhiteElo "2139"]
[BlackElo "2385"]
[PlyCount "94"]
[EventDate "2012.??.??"]
[TimeControl "5400"]

1. e4 e6 2. d4 d5 3. Nc3 Bb4 4. e5 c5 5. a3 Bxc3+ 6. bxc3 Qa5 7. Bd2 Qa4 8. h4
Nc6 9. h5 h6 10. Nf3 c4 11. g4 Bd7 12. Bh3 O-O-O 13. Nh4 Nge7 14. f4 f6 15. O-O
Rdf8 16. Be3 Be8 17. Qe2 f5 18. Kh1 Nd8 19. Rg1 Rhg8 20. gxf5 Nxf5 21. Bxf5
exf5 22. Ng6 Rf7 23. Bf2 Ne6 24. Bh4 Qd7 25. Qf3 Nf8 26. e6 Nxe6 27. Rae1 Kb8
28. Re5 Nc7 29. Rge1 a6 30. Kh2 Qa4 31. R1e2 Rd7 32. Ne7 Rf8 33. Nxf5 Rdf7 34.
Nd6 Rxf4 35. Qg3 Bd7 36. Be7 Rf3 37. Qxg7 Rf2+ 38. Kg1 Rf1+ 39. Kg2 R8f4 40.
Qh8+ Ka7 41. Nc8+ Bxc8 42. Qxc8 Qc6 43. Bc5+ b6 44. Re7 Rf7 45. Bxb6+ Kxb6 46.
Qb8+ Qb7 47. R2e6+ Ka5 1/2-1/2

[Event "CN Seniori 2012"]
[Site "?"]
[Date "2012.02.14"]
[Round "2.18"]
[White "Bonte, Andrei-Mihai"]
[Black "Gulie, Cosmin"]
[Result "1/2-1/2"]
[WhiteElo "2380"]
[BlackElo "2133"]
[PlyCount "102"]
[EventDate "2012.??.??"]
[TimeControl "5400"]

1. d4 d5 2. c4 e6 3. Nf3 Nf6 4. g3 Be7 5. Bg2 O-O 6. O-O b6 7. Ne5 Bb7 8. Nc3
Nbd7 9. Qa4 Nxe5 10. dxe5 Ne4 11. Nxe4 dxe4 12. Be3 Qe8 13. Qc2 Qc6 14. Rab1 a5
15. f4 Rad8 16. Rfd1 Bc5 17. Bxc5 Qxc5+ 18. Kf1 Qe3 19. Qb3 Qxb3 20. axb3 f5
21. exf6 gxf6 22. Kf2 f5 23. Ke3 c5 24. h3 Kf7 25. g4 Bc6 26. g5 Ke7 27. h4
Rxd1 28. Rxd1 Ra8 29. h5 a4 30. Ra1 axb3 31. Rxa8 Bxa8 32. Bf1 Bc6 33. Kd2 Be8
34. h6 e5 35. e3 exf4 36. exf4 Kf7 37. Be2 Kg6 38. Kc3 Bf7 39. Kxb3 b5 40. Kc3
b4+ 41. Kd2 Be8 42. b3 Bd7 43. Ke3 Be6 44. Kf2 Kf7 45. Bf1 Bd7 46. Ke3 Kg6 47.
Be2 Be6 48. Bd1 Bd7 49. Kf2 Be6 50. Kg3 Kf7 51. Bh5+ Kg8 1/2-1/2

[Event "CN Seniori 2012"]
[Site "Sarata Monteoru/Romania"]
[Date "2012.02.14"]
[Round "2.19"]
[White "Neagu, Liviu"]
[Black "Balla, Tamas-Kristof"]
[Result "0-1"]
[WhiteElo "2122"]
[BlackElo "2377"]
[PlyCount "80"]
[EventDate "2012.??.??"]

1. e4 c5 2. Nf3 e6 3. d4 cxd4 4. Nxd4 a6 5. c4 Nf6 6. Nc3 Qc7 7. a3 Nxe4 8.
Nxe4 Qe5 9. Be2 Qxe4 10. O-O Nc6 11. Be3 Be7 12. Re1 Qe5 13. Ra2 Qc7 14. b4
Nxd4 15. Bxd4 O-O 16. Bd3 f5 17. Qa1 Bf6 18. c5 Rb8 19. Rc2 b6 20. cxb6 Qd6 21.
Bxf6 gxf6 22. Re3 Qxb6 23. Qd1 Bb7 24. Rg3+ Kh8 25. Bxf5 Rf7 26. Qh5 Re7 27.
Re2 Qd4 28. Re1 exf5 29. Rd1 Rbe8 30. h4 Qxd1+ 31. Qxd1 Re1+ 32. Qxe1 Rxe1+ 33.
Kh2 Re4 34. Kh3 Rg4 35. f3 Rc4 36. h5 f4 37. Rg4 Bc8 38. Kh2 d5 39. Rh4 Kg7 40.
Kg1 Kh6 0-1

[Event "CN Seniori 2012"]
[Site "Sarata Monteoru/Romania"]
[Date "2012.02.14"]
[Round "2.20"]
[White "Dobre, Claudiu-Cristian"]
[Black "Stegariu, Alexandru"]
[Result "1/2-1/2"]
[WhiteElo "2354"]
[BlackElo "2122"]
[PlyCount "38"]
[EventDate "2012.??.??"]

1. d4 Nf6 2. Nf3 g6 3. c4 Bg7 4. Nc3 O-O 5. e4 d6 6. Be2 e5 7. O-O Na6 8. Re1
c6 9. Rb1 exd4 10. Nxd4 Re8 11. f3 d5 12. cxd5 cxd5 13. Bb5 Bd7 14. Bxd7 Nxd7
15. Nxd5 Nb6 16. Nc2 Nxd5 17. Qxd5 Qxd5 18. exd5 Rxe1+ 19. Nxe1 Rd8 1/2-1/2

[Event "CN Seniori 2012"]
[Site "Sarata Monteoru/Romania"]
[Date "2012.02.14"]
[Round "2.21"]
[White "Manole, Stefan"]
[Black "Miroiu, George-Catalin"]
[Result "1-0"]
[WhiteElo "2082"]
[BlackElo "2342"]
[PlyCount "150"]
[EventDate "2012.??.??"]

1. e4 c5 2. Nf3 e6 3. d4 cxd4 4. Nxd4 a6 5. Nc3 Qc7 6. g3 Bb4 7. Bd2 Nc6 8.
Nxc6 dxc6 9. Bg2 Nf6 10. O-O e5 11. Nd5 Nxd5 12. exd5 Bd6 13. dxc6 bxc6 14. Ba5
Qd7 15. Qf3 Bb7 16. Rfd1 Qe7 17. Rd3 Bc7 18. Bxc7 Qxc7 19. Rad1 O-O 20. Rd7 Qb6
21. Qb3 Qxb3 22. cxb3 Bc8 23. Rc7 Bg4 24. Rc1 Rfc8 25. R7xc6 Rxc6 26. Rxc6 Ra7
27. b4 Kf8 28. Rc5 Rd7 29. Bd5 Be2 30. f3 Ke7 31. Kf2 Bb5 32. b3 f5 33. a4 Bd3
34. Ke3 Bb1 35. Bc4 f4+ 36. gxf4 exf4+ 37. Kxf4 Rd6 38. Ke5 Rb6 39. b5 axb5 40.
Rxb5 Rg6 41. a5 Kd7 42. f4 Kc7 43. a6 Rxa6 44. Rc5+ Rc6 45. Rxc6+ Kxc6 46. Ke6
Kc5 47. Ke5 Bc2 48. h4 Bd1 49. f5 Bc2 50. h5 h6 51. Bf7 Bd1 52. f6 gxf6+ 53.
Kxf6 Kd6 54. b4 Be2 55. Be8 Kc7 56. Kg7 Kd8 57. Bg6 Ke7 58. Kxh6 Kf8 59. Kh7
Bb5 60. h6 Bc4 61. Be4 Bb5 62. Kg6 Kg8 63. h7+ Kh8 64. Kg5 Kg7 65. Kf4 Kh8 66.
Ke5 Kg7 67. Kd6 Ba6 68. Kc5 Be2 69. Bd5 Kxh7 70. Bc4 Bf3 71. b5 Kg7 72. Bd5 Be2
73. b6 Ba6 74. Kd6 Kf6 75. Kc7 Ke5 1-0

[Event "CN Seniori 2012"]
[Site "Sarata Monteoru/Romania"]
[Date "2012.02.14"]
[Round "2.22"]
[White "Dragomirescu, Robin-Alexandru"]
[Black "Martian, Dragos-Daniel"]
[Result "1-0"]
[WhiteElo "2340"]
[BlackElo "2074"]
[PlyCount "107"]
[EventDate "2012.??.??"]

1. e4 c5 2. Nf3 e6 3. d4 cxd4 4. Nxd4 a6 5. Bd3 Nf6 6. O-O Qc7 7. Qe2 d6 8. c4
g6 9. Nc3 Bg7 10. Nf3 Nc6 11. Bf4 Nd7 12. Rac1 Nde5 13. Nxe5 Nxe5 14. Be3 O-O
15. Rfd1 b6 16. f4 Nd7 17. b4 Bb7 18. Qf2 Rab8 19. Rc2 f5 20. exf5 gxf5 21. Ne2
Kh8 22. Ng3 Bc6 23. Re1 Nf6 24. h3 Rfe8 25. Bd4 e5 26. Bb2 e4 27. Bf1 Qd7 28.
Rd2 Qe6 29. Qe3 Kg8 30. Ne2 Ba8 31. Red1 Red8 32. Be5 Ne8 33. Nd4 Qg6 34. Nb3
Bf6 35. Bd4 b5 36. cxb5 axb5 37. Rc1 d5 38. Bxf6 Qxf6 39. Nd4 Nd6 40. Rc5 Rdc8
41. Rxc8+ Rxc8 42. Bxb5 Rc1+ 43. Kh2 Nxb5 44. Nxb5 Qa1 45. Nd4 h5 46. Nxf5 h4
47. Nxh4 Rh1+ 48. Kg3 Rc1 49. Qe2 Qg7+ 50. Kh2 d4 51. Nf5 Qf6 52. Qg4+ Kf7 53.
Rxd4 Rc7 54. Rd6 1-0

[Event "CN Seniori 2012"]
[Site "Sarata Monteoru/Romania"]
[Date "2012.02.14"]
[Round "2.24"]
[White "Popescu, Daniel-Vasilica"]
[Black "Stanciu, Alexandru-Ovidiu"]
[Result "0-1"]
[WhiteElo "2069"]
[BlackElo "2314"]
[PlyCount "80"]
[EventDate "2012.??.??"]

1. e4 c6 2. d4 d5 3. Nc3 dxe4 4. Nxe4 Nf6 5. Ng3 h5 6. h4 Bg4 7. Be2 Nbd7 8.
Nf3 e6 9. Ng5 Be7 10. c3 Qc7 11. Bd2 c5 12. Qb3 Bxe2 13. Nxe2 Qc6 14. O-O-O c4
15. Qc2 Nb6 16. Rde1 Rd8 17. Nf4 Rd6 18. Re2 Qa4 19. Qb1 Nbd5 20. Rhe1 Nxf4 21.
Bxf4 Ra6 22. a3 Rf8 23. Be5 Qb5 24. Bxf6 gxf6 25. Nf3 Rg8 26. g3 Rg7 27. Qe4
Rd6 28. Qc2 Kf8 29. Nd2 Kg8 30. Ne4 Rd5 31. Rg1 Rg6 32. f3 f5 33. Nf2 Bxh4 34.
Nh3 Bxg3 35. Reg2 h4 36. Qd2 e5 37. Re2 exd4 38. Nf4 dxc3 39. Nxd5 cxd2+ 40.
Rxd2 Kg7 0-1

[Event "CN Seniori 2012"]
[Site "Sarata Monteoru/Romania"]
[Date "2012.02.14"]
[Round "2.28"]
[White "Baratosi, Daniel"]
[Black "Porfireanu, Serban"]
[Result "1-0"]
[WhiteElo "2418"]
[BlackElo "1927"]
[PlyCount "69"]
[EventDate "2012.??.??"]

1. e4 c5 2. Nc3 e6 3. Nf3 a6 4. d4 cxd4 5. Nxd4 Qc7 6. g3 d6 7. Bg2 Bd7 8. O-O
Nf6 9. a4 Nc6 10. Nde2 Be7 11. h3 h6 12. Be3 Na5 13. b3 e5 14. f4 Rd8 15. Qe1
Rb8 16. Qf2 Nc6 17. Bb6 Qc8 18. f5 Bd8 19. Rfd1 Nd4 20. Bxd8 Kxd8 21. Rxd4 exd4
22. Qxd4 Qc5 23. Qxc5 dxc5 24. e5 Ne8 25. Rd1 Nc7 26. Ne4 Ke7 27. f6+ gxf6 28.
exf6+ Ke8 29. Nd6+ Kf8 30. Nxb7 Be6 31. Nxc5 Rg8 32. Kh2 Rg6 33. Nf4 Rc8 34.
Nxg6+ fxg6 35. Bb7 1-0

[Event "CN Seniori 2012"]
[Site "Sarata Monteoru/Romania"]
[Date "2012.02.14"]
[Round "2.29"]
[White "Dumitrascu, Cornel"]
[Black "Doros, Radu-Marian"]
[Result "0-1"]
[WhiteElo "2086"]
[BlackElo "2338"]
[PlyCount "28"]
[EventDate "2012.??.??"]

1. d4 Nf6 2. c4 g6 3. Nc3 d5 4. Nf3 Bg7 5. Bg5 dxc4 6. e3 Be6 7. Ne5 Nd5 8.
Nxc4 c5 9. Rc1 cxd4 10. exd4 Nc6 11. Be2 Nxd4 12. O-O Nxc3 13. bxc3 Nxe2+ 14.
Qxe2 Qd5 0-1

[Event "CN Seniori 2012"]
[Site "Sarata Monteoru"]
[Date "2012.02.14"]
[Round "2.30"]
[White "Vrencian, Lehel"]
[Black "Pop, Alexandru"]
[Result "0-1"]
[WhiteElo "1874"]
[BlackElo "2254"]
[PlyCount "68"]
[EventDate "2012.02.13"]

1. e4 c5 2. Nf3 d6 3. d4 cxd4 4. Nxd4 Nf6 5. Nc3 a6 6. Bc4 e6 7. Bb3 b5 8. O-O
Be7 9. Qf3 Qb6 10. Be3 Qb7 11. Qg3 O-O 12. Bh6 Ne8 13. Rfe1 Kh8 14. Bg5 Bxg5
15. Qxg5 Nc6 16. Nxc6 Qxc6 17. Rad1 Bb7 18. Re3 Rc8 19. Rh3 b4 20. Rdd3 Nf6 21.
Rdg3 Rg8 22. Nd5 exd5 23. Rh4 Qd7 24. Rgh3 Qe6 25. f3 Rge8 26. Rg3 g6 27. Ba4
Qe5 28. Qh6 Qd4+ 29. Kf1 Bc6 30. Bxc6 Qd1+ 31. Kf2 Rxc6 32. Rxg6 fxg6 33. Qxg6
Rxc2+ 34. Kg3 Rg8 0-1

[Event "Campionatul National Individual de Sah"]
[Site "Sarata Monteoru"]
[Date "2012.02.14"]
[Round "2.31"]
[White "Telea, Stefan"]
[Black "Costachi, Mihnea"]
[Result "0-1"]
[WhiteElo "2112"]
[BlackElo "1937"]
[PlyCount "90"]
[EventDate "2012.02.13"]

1. Nf3 Nf6 2. c4 g6 3. Nc3 Bg7 4. g3 O-O 5. Bg2 d6 6. O-O Nc6 7. d4 Rb8 8. d5
Na5 9. Qd3 c5 10. dxc6 bxc6 11. Rb1 Ba6 12. b3 d5 13. Bf4 Rc8 14. Rfd1 Nd7 15.
Qd2 e5 16. Bg5 f6 17. Bh6 Bxh6 18. Qxh6 d4 19. Ne4 Qe7 20. h4 f5 21. Neg5 Nf6
22. Nh3 c5 23. e3 d3 24. Nh2 Rcd8 25. Bf1 e4 26. Nf4 Kf7 27. h5 Rg8 28. hxg6+
hxg6 29. Qg5 Nc6 30. Bh3 Ne5 31. Kg2 Rh8 32. Rh1 Ng8 33. Qxe7+ Nxe7 34. g4 g5
35. Nh5 Bc8 36. Kg3 fxg4 37. Bxg4 Nxg4 38. Nxg4 Nf5+ 39. Kg2 Nh4+ 40. Rxh4 gxh4
41. Ne5+ Ke6 42. Ng6 Rxh5 43. Nf4+ Kf7 44. Nxh5 d2 45. Rd1 Bg4 0-1

[Event "Campionatul National Individual de Sah"]
[Site "Sarata Monteoru"]
[Date "2012.02.14"]
[Round "2.32"]
[White "Deac, Bogdan-Daniel"]
[Black "Craciun, Ovidiu"]
[Result "1/2-1/2"]
[WhiteElo "1795"]
[BlackElo "2060"]
[PlyCount "119"]
[EventDate "2012.02.13"]

1. d4 Nf6 2. Nf3 g6 3. Nbd2 Bg7 4. e4 d6 5. Bd3 O-O 6. O-O Nbd7 7. Re1 e5 8. c3
c6 9. dxe5 dxe5 10. Bc2 Qc7 11. Nc4 Ne8 12. b3 b5 13. Ne3 f6 14. Nh4 Nb6 15. a4
Be6 16. a5 Rd8 17. Qf3 Nc8 18. Ba3 Rf7 19. Bc5 Rd2 20. Re2 Rfd7 21. Rxd2 Rxd2
22. b4 Bh6 23. Rc1 Ncd6 24. Bxd6 Qxd6 25. Rd1 Qd7 26. g3 Bxe3 27. fxe3 Bc4 28.
Ng2 Rxd1+ 29. Qxd1 Qxd1+ 30. Bxd1 Bd3 31. Ne1 Bxe4 32. Nf3 Nd6 33. Nd2 Bd3 34.
Kf2 Ne4+ 35. Nxe4 Bxe4 36. Ke1 Kf8 37. Be2 Bd5 38. Bd3 f5 39. Kf2 Ke7 40. h3
Kd6 41. g4 Be6 42. Kg3 Ke7 43. Kh4 fxg4 44. hxg4 Kf6 45. g5+ Kg7 46. e4 h6 47.
Bc2 Bc4 48. Bb1 Be2 49. Bc2 Bc4 50. Bd1 Bd3 51. Bf3 Kh7 52. Bg2 Be2 53. Bh1 Kg7
54. Bg2 hxg5+ 55. Kxg5 Kf7 56. Bh1 Bh5 57. Bg2 Ke6 58. Bh1 Kd6 59. Bg2 c5 60.
Bh1 1/2-1/2